000 00810nam a2200253 i 4500
001 bg
100 1 _aBOSWELL, William.
245 1 0 _aWindows 2000 Server :
_bvademecum profesjonalisty /
_cWilliam Boswell ; [tł. Marek Suczyk, Andrzej Będkowski].
246 _iTyt. oryg.:
_aInsiede Windows 2000 Server
260 _aGliwice :
_b"Helion",
_c2002.
300 _a1338 s. :
_bil. 25 cm.
500 _aTyt. oryg.: "Insiede Windows 2000 Server".
504 _aIndeks.
650 9 _aWindows 2000 Server
655 _aPodręczniki
020 _a8371972814
040 _cBPK
041 1 _apl
_hen
080 _a004.451(07)
920 _a83-7197-281-4
942 _cKS
008 s pl f |000 0 pol
999 _c40974
_d40974
856 _uhttp://koha.tu.koszalin.pl/cgi-bin/koha/opac-detail.pl?biblionumber=40974
_yKatalog online BPK